000 01237nam a22002297a 4500
005 20210325190837.0
008 s2538 th tha d
041 _atha
090 _aว JQ1745.A55.D4 ก572ก 2538
100 0 _aกำธร จันทรแสง
245 1 0 _aการตัดสินใจของฝ่ายบริหารกับการพัฒนาประเทศ : แนวทางและรูปแบบการพัฒนากระบวนการตัดสินใจในระบบบริหารราชการแผ่นดินของไทย
260 3 _a[กรุงเทพฯ] :
_bวิทยาลัยป้องกันราชอาณาจักร,
_c2538
300 _a118 หน้า :
_b 29 ซม.
650 0 4 _aการบริหารราชการ -- ไทย
650 0 4 _aการตัดสินใจ (การบริหาร)
650 0 4 _aฝ่ายบริหาร -- การตัดสินใจ (การบริหาร)
650 0 4 _aอำนาจบริหาร
850 _aNALT
942 _cRSH
997 _c000000000026574
_kVC
998 _aNISA LUANGTONGKUM
999 _c26574
_d26574